00725 a2200193 45000010006000000050017000060080041000230030015000640400040000790800083001192450040002022640086002423000019003285050130003470410008004771000024004856500010005096500012005195540920260407155828.0260407a1969 arg spa dAR-UNSa-BCEJYS aAR-UNSa-BCEJYSbspacAR-UNSa-BCEJYS a338.45xIndustria como sector económico. Producción comercial, industrial 10aLa industria automotriz en la ALALC 1aBuenos Aires :bInstituto para la Integración de América Latina (INTAL)c1969 a252 p.c22 cm. a1. Panorama general - 2. Argentina - 3. Brasil - 4. Colombia - 5. Chile - 6. México - 7. Perú - 8. Uruguay - 9. Venezuela aspa1 aPaquien, Jorge Luis aALALC a alalc